000 01208cam a2200337 4500
999 _c24050
_d24050
001 vtls012244861
005 20251111113830.0
008 231128s2023 xo g 010 f slo
020 _a9788055656908
_q(viazané)
040 _aSAVUK
_bslo
_cSAVUK
_dSNK
_erda
041 1 _aslo
_heng
044 _axo
_cSK
072 7 _a821.111-3
_xAnglická próza, anglicky písaná
_2konspekt
080 _a821.111(415)-31
_22011
100 1 _aBoyne, John,
_d1971-
_4aut
_95286
240 1 0 _aAll the broken places
_lSlovensky
245 1 0 _aVšetky temné miesta
_cJohn Boyne ; z angličtiny preložila Alena Redlingerová
264 1 _aBratislava
_bSlovart
_c2023
300 _a340 strán
_c22 cm
336 _atext
_btxt
_2rdacontent
337 _abez média
_bn
_2rdamedia
338 _azväzok
_bnc
_2rdacarrier
500 _aObsahuje biografické údaje o autorovi na záložke prebalu publikácie
655 7 _aírske romány (anglicky)
_2SNKPH
_92550
655 7 _aIrish fiction (English)
_2SNKPHeng
_92551
700 1 _aRedlingerová, Alena,
_d1946-
_4trl
_93892
700 1 _aBoyne, John,
_d1971-
_tChlapec v pásikavom pyžame
_95287
958 _aLX
958 _aUP